All 7 Letter Words that Begin With L - Statistics

General Stats
  • This quiz has been taken 11 times
  • The average score is 233 of 1368
Answer Stats
% Correct
landers
100%
landing
100%
lapping
100%
laughed
100%
laugher
100%
licking
100%
lifting
100%
loaning
100%
lockers
100%
looking
100%
lumping
100%
lacking
89%
ladders
89%
lappers
89%
leaning
89%
leaving
89%
letters
89%
lickers
89%
lighter
89%
linking
89%
loaners
89%
locking
89%
loggers
89%
lookers
89%
loopers
89%
looping
89%
looters
89%
luggers
89%
lumpers
89%
lunches
89%
lusting
89%
labeled
78%
laggers
78%
lagging
78%
lambing
78%
lamping
78%
lancing
78%
lasting
78%
latched
78%
lawless
78%
leacher
78%
leaders
78%
leading
78%
leakers
78%
leaking
78%
leapers
78%
leaping
78%
leavers
78%
ledgers
78%
leeched
78%
leeches
78%
leeping
78%
legging
78%
leopard
78%
lessons
78%
letting
78%
leveled
78%
lifters
78%
lighten
78%
limbers
78%
limping
78%
lingers
78%
linkers
78%
lipping
78%
listens
78%
litters
78%
littles
78%
loaders
78%
loading
78%
loafers
78%
loafing
78%
locally
78%
logging
78%
longear
78%
longers
78%
longing
78%
looting
78%
lording
78%
lumbers
78%
lunched
78%
lungers
78%
lunging
78%
lusters
78%
labeler
67%
lampers
67%
lancers
67%
lantern
67%
largest
67%
lasered
67%
lashers
67%
lashing
67%
lassoer
67%
latches
67%
lathers
67%
laundry
67%
lawyers
67%
layered
67%
leached
67%
leafing
67%
Leander
67%
ledging
67%
leering
67%
lemming
67%
lenders
67%
leveler
67%
liberal
67%
liberty
67%
lighted
67%
lightly
67%
limited
67%
limiter
67%
limpers
67%
lisping
67%
listers
67%
listing
67%
literal
67%
littler
67%
lizards
67%
lobbers
67%
lobbing
67%
locales
67%
lockets
67%
locusts
67%
lodging
67%
loiters
67%
lollies
67%
longest
67%
looming
67%
loosing
67%
lopping
67%
lottery
67%
lounged
67%
lounger
67%
lounges
67%
lousing
67%
lowered
67%
lucking
67%
lugging
67%
lurkers
67%
lurking
67%
labbers
56%
labored
56%
laborer
56%
lacings
56%
laddies
56%
ladlers
56%
lambers
56%
laments
56%
lamprey
56%
larging
56%
larkers
56%
lassies
56%
lasters
56%
leaches
56%
learned
56%
learner
56%
leasing
56%
leather
56%
legally
56%
legends
56%
leggers
56%
lending
56%
lentils
56%
levered
56%
libeler
56%
library
56%
linning
56%
lippers
56%
livings
56%
loathed
56%
loathes
56%
lobbies
56%
loftier
56%
lofting
56%
logical
56%
loopier
56%
loyally
56%
lubbers
56%
luckier
56%
luncher
56%
lurched
56%
lurches
56%
lushing
56%
lynched
56%
lynches
56%
lyrical
56%
ladybug
44%
lankier
44%
lapeled
44%
laptops
44%
larders
44%
largely
44%
larking
44%
lassoed
44%
lassoes
44%
latents
44%
lateral
44%
lathing
44%
lauding
44%
launder
44%
laziest
44%
leafier
44%
leagued
44%
leaguer
44%
leagues
44%
leakier
44%
leasers
44%
leashed
44%
leashes
44%
lechers
44%
lefties
44%
lessens
44%
libeled
44%
lichens
44%
likable
44%
limbing
44%
linings
44%
Linnean
44%
lioness
44%
liquors
44%
lispers
44%
litting
44%
loather
44%
lobbied
44%
lobster
44%
located
44%
locates
44%
lodgers
44%
loofahs
44%
loosens
44%
loppers
44%
lorries
44%
lotters
44%
lotting
44%
loudest
44%
lousier
44%
lowlife
44%
lozenge
44%
luggage
44%
lullers
44%
lumpier
44%
lupines
44%
Lupinus
44%
lurcher
44%
lyncher
44%
labials
33%
labours
33%
lackeys
33%
laconic
33%
lacquer
33%
ladings
33%
lambent
33%
lammers
33%
lamming
33%
lampoon
33%
langley
33%
lapeler
33%
lapsing
33%
larches
33%
larding
33%
LARPing
33%
larries
33%
Latinos
33%
latrine
33%
lattens
33%
laurels
33%
layaway
33%
leafers
33%
leaflet
33%
leanest
33%
learier
33%
leavens
33%
ledgier
33%
leerier
33%
leggier
33%
legless
33%
legumes
33%
lengths
33%
leppers
33%
lessees
33%
lettuce
33%
levelly
33%
libbers
33%
lidders
33%
likened
33%
lilting
33%
liminal
33%
limmers
33%
lingual
33%
lintels
33%
lippier
33%
liquids
33%
lizzies
33%
locater
33%
lockier
33%
lofters
33%
loonier
33%
loonies
33%
loosely
33%
lossers
33%
louting
33%
louvres
33%
lowball
33%
lowdown
33%
lowerer
33%
loyaler
33%
loyalty
33%
luckily
33%
lullaby
33%
lulling
33%
lustful
33%
lustier
33%
lychees
33%
laagers
22%
lactate
22%
lactose
22%
lacunas
22%
laddery
22%
laggier
22%
lagunas
22%
lambast
22%
lambies
22%
lamplit
22%
Lampong
22%
landman
22%
landmen
22%
langues
22%
langurs
22%
lapwing
22%
lardier
22%
largess
22%
lariats
22%
larpers
22%
lasagna
22%
latexes
22%
lathery
22%
lathier
22%
Latines
22%
lattice
22%
lauters
22%
lavaged
22%
lavages
22%
layouts
22%
layover
22%
lazulis
22%
leadier
22%
leavier
22%
lechery
22%
leching
22%
leeward
22%
leftist
22%
legates
22%
legible
22%
leisure
22%
lengthy
22%
lenient
22%
lensing
22%
leprosy
22%
lesions
22%
lessors
22%
letdown
22%
lethals
22%
leucine
22%
leucite
22%
libated
22%
libates
22%
libidos
22%
lidding
22%
lifeful
22%
limbier
22%
limeade
22%
limpets
22%
Lincoln
22%
linders
22%
lineage
22%
lineups
22%
linkage
22%
linkier
22%
linseed
22%
linters
22%
lipides
22%
lipless
22%
lithias
22%
lithium
22%
littery
22%
livened
22%
lividly
22%
loaches
22%
locator
22%
lockman
22%
lockmen
22%
lockups
22%
loggier
22%
lolling
22%
longbow
22%
longish
22%
loosest
22%
loquats
22%
losable
22%
lotions
22%
loudens
22%
louvred
22%
lovable
22%
loverly
22%
lowness
22%
luffing
22%
luminal
22%
lunatic
22%
lungies
22%
labarum
11%
labiate
11%
lablabs
11%
labrets
11%
labroid
11%
lacinia
11%
lacquey
11%
lactase
11%
lacteal
11%
lactone
11%
lacunal
11%
laddish
11%
ladinos
11%
ladling
11%
ladrone
11%
ladying
11%
ladykin
11%
lagoons
11%
laicism
11%
laicize
11%
lakelet
11%
lakings
11%
lambdas
11%
lambkin
11%
laminal
11%
laminar
11%
laminas
11%
lampads
11%
lampern
11%
lampman
11%
lampmen
11%
lamster
11%
lanated
11%
lancets
11%
landaus
11%
laneway
11%
languet
11%
languid
11%
languor
11%
lankily
11%
lanners
11%
lanolin
11%
lanugos
11%
lapdogs
11%
lappets
11%
Lappish
11%
lapsers
11%
larceny
11%
largens
11%
largish
11%
larkier
11%
larried
11%
larrups
11%
lasagne
11%
lateens
11%
latency
11%
Latinas
11%
Latiner
11%
latosol
11%
laulaus
11%
laurate
11%
lavabos
11%
lavaret
11%
lawsuit
11%
laxated
11%
laxates
11%
lazying
11%
leadman
11%
leadmen
11%
leadoff
11%
leafage
11%
leakage
11%
leakily
11%
leaming
11%
lechwes
11%
lectern
11%
lectins
11%
lection
11%
lectors
11%
lecture
11%
leechee
11%
leerily
11%
leeways
11%
leftish
11%
legated
11%
legatee
11%
legator
11%
leghorn
11%
legibly
11%
legions
11%
legists
11%
legitim
11%
legongs
11%
legwork
11%
lekvars
11%
lemmers
11%
lempira
11%
lemures
11%
lenites
11%
lentigo
11%
lentile
11%
lentisk
11%
lentoid
11%
leonine
11%
leotard
11%
leproid
11%
leproma
11%
leprous
11%
leptons
11%
lesbian
11%
letches
11%
leucons
11%
leukoma
11%
levades
11%
levants
11%
levator
11%
leveret
11%
levying
11%
lexemes
11%
lexical
11%
lexicon
11%
liaised
11%
liaises
11%
liaison
11%
libelee
11%
librate
11%
Libyans
11%
licence
11%
license
11%
licheny
11%
lictors
11%
lifeman
11%
lifemen
11%
lifeway
11%
liftoff
11%
ligands
11%
ligases
11%
ligated
11%
ligates
11%
liggers
11%
lignify
11%
lignins
11%
lignums
11%
ligroin
11%
ligures
11%
likings
11%
lilling
11%
limners
11%
limpest
11%
limpkin
11%
limulus
11%
linctus
11%
lindane
11%
lineate
11%
lineman
11%
linemen
11%
lingcod
11%
lingier
11%
linhays
11%
linkboy
11%
linkman
11%
linkmen
11%
linkups
11%
linocut
11%
linsang
11%
lintier
11%
lioncel
11%
lionets
11%
lionise
11%
lionize
11%
lipases
11%
lipemia
11%
lipoids
11%
lipomas
11%
lipuria
11%
liquate
11%
liqueur
11%
liquify
11%
listees
11%
listels
11%
listful
11%
lithely
11%
lithest
11%
lithing
11%
lithops
11%
litotes
11%
liturgy
11%
liviers
11%
loamier
11%
lobbyer
11%
lobings
11%
lobules
11%
lobulus
11%
lockage
11%
lockbox
11%
lockjaw
11%
locknut
11%
lockout
11%
lockset
11%
locoism
11%
locular
11%
locules
11%
loculus
11%
loesses
11%
loftily
11%
logania
11%
logbook
11%
loggets
11%
logions
11%
logjams
11%
logline
11%
logroll
11%
lollers
11%
lollops
11%
Lombard
11%
loments
11%
longies
11%
longues
11%
loobies
11%
lookout
11%
lookups
11%
looties
11%
lopseed
11%
lorises
11%
lotuses
11%
louched
11%
louping
11%
lousily
11%
louster
11%
loutier
11%
loutish
11%
louvars
11%
louvers
11%
lovages
11%
lowboys
11%
lowbred
11%
lowbrow
11%
lowland
11%
lowlier
11%
lowveld
11%
lucerne
11%
lucidly
11%
Lucifer
11%
Luddite
11%
luggies
11%
lugsail
11%
lugworm
11%
lumined
11%
lumines
11%
lummier
11%
lumpily
11%
lunates
11%
lunatus
11%
lunkers
11%
lupulin
11%
lurried
11%
lurries
11%
lushest
11%
lushier
11%
lustily
11%
lustral
11%
lustred
11%
lustres
11%
lustrum
11%
lutists
11%
lycosid
11%
lyddite
11%
lyreman
11%
laagtes
0%
labarea
0%
labaria
0%
labarri
0%
labella
0%
labites
0%
labrids
0%
labrums
0%
laccase
0%
laccate
0%
laccols
0%
lacepod
0%
Lacerta
0%
lacerum
0%
laciest
0%
lacises
0%
lackwit
0%
lacmoid
0%
Lacombe
0%
lactams
0%
lactary
0%
lactide
0%
lactify
0%
lactims
0%
lactoyl
0%
Lactuca
0%
lactyls
0%
lacunae
0%
lacunar
0%
lacunes
0%
Ladakhi
0%
Ladakis
0%
ladangs
0%
ladanum
0%
ladened
0%
ladhood
0%
ladinas
0%
ladkins
0%
ladrons
0%
ladyish
0%
Laelaps
0%
laelias
0%
laender
0%
Laennec
0%
Laertes
0%
lagaena
0%
lagenae
0%
lagenas
0%
lagends
0%
lagered
0%
Lagetta
0%
lagetto
0%
laggard
0%
laggars
0%
laggens
0%
laggins
0%
laglast
0%
Lagopus
0%
lagting
0%
Lagurus
0%
Lahndas
0%
Lahulis
0%
laicity
0%
lairdly
0%
lairing
0%
laisses
0%
laities
0%
laiting
0%
lakatoi
0%
Lakhers
0%
Lakhmid
0%
lakiest
0%
lakists
0%
Lakmiut
0%
Lakotas
0%
lalangs
0%
lalland
0%
Lallans
0%
Lamaism
0%
Lamaist
0%
Lamarck
0%
lambale
0%
lambert
0%
Lamblia
0%
lamella
0%
lameter
0%
laminae
0%
laminin
0%
lamiter
0%
lamnoid
0%
lamonas
0%
lampara
0%
lampion
0%
lampist
0%
lamplet
0%
lanases
0%
lanchas
0%
Lancisi
0%
landart
0%
landboc
0%
landert
0%
landler
0%
Landolt
0%
landway
0%
lanetes
0%
langaha
0%
langite
0%
langoon
0%
langrel
0%
langsat
0%
langset
0%
langued
0%
laniard
0%
laniary
0%
laniate
0%
lanista
0%
lankest
0%
lankish
0%
lansats
0%
lansehs
0%
lantaca
0%
lantaka
0%
lantana
0%
lantums
0%
lanyard
0%
Laocoon
0%
laodahs
0%
Laotian
0%
lapacho
0%
lapfuls
0%
lapilli
0%
lapillo
0%
Laplace
0%
lappage
0%
Lappula
0%
Lapsana
0%
Laputan
0%
laquear
0%
laqueus
0%
lararia
0%
larchen
0%
lardons
0%
lardoon
0%
laricks
0%
Laridae
0%
larigos
0%
larigot
0%
larixes
0%
larkish
0%
larmier
0%
larnite
0%
Larotid
0%
larover
0%
larreas
0%
larrees
0%
larvate
0%
larvule
0%
lascars
0%
lascive
0%
lashins
0%
lashorn
0%
laskets
0%
lasking
0%
lasques
0%
Lassiks
0%
lassock
0%
lastage
0%
latakia
0%
Latania
0%
latchet
0%
latebra
0%
latened
0%
laterad
0%
lateran
0%
latests
0%
lathees
0%
latices
0%
latigos
0%
Latinic
0%
Latinxs
0%
lations
0%
Latirus
0%
latites
0%
latives
0%
latrant
0%
latrias
0%
latrons
0%
Latvian
0%
Laudean
0%
Laudian
0%
lauhala
0%
launces
0%
Launfal
0%
laurins
0%
laurite
0%
lauroyl
0%
lauryls
0%
lautite
0%
lavanga
0%
Laveran
0%
lavette
0%
Lavinia
0%
lavolta
0%
lavrock
0%
lawbook
0%
lawlike
0%
lawsone
0%
lawters
0%
laxisms
0%
laxists
0%
laxness
0%
Layanas
0%
layboys
0%
layette
0%
layfolk
0%
laylock
0%
layning
0%
layoffs
0%
lazaret
0%
Lazarus
0%
lazules
0%
lazybed
0%
lazyish
0%
leafboy
0%
leafcup
0%
leafery
0%
leafits
0%
leakman
0%
leakmen
0%
leamers
0%
leasows
0%
lebbeks
0%
lebhaft
0%
Leboyer
0%
lechosa
0%
lechoza
0%
Lecidea
0%
lecythi
0%
leefang
0%
leegtes
0%
leelane
0%
leelang
0%
leerman
0%
leermen
0%
Leersia
0%
leervis
0%
leesome
0%
leftest
0%
leftism
0%
legatos
0%
legenda
0%
Leggada
0%
leggins
0%
leglens
0%
leglets
0%
leglike
0%
leglins
0%
legroom
0%
leguaan
0%
leguans
0%
legumen
0%
legumin
0%
lehayim
0%
lehiite
0%
lehrman
0%
lehrmen
0%
leifite
0%
leipoas
0%
leister
0%
lekachs
0%
lekanai
0%
lekythi
0%
lelwels
0%
Lemanea
0%
lemanry
0%
lemmata
0%
lemnads
0%
Lemnian
0%
Lemosis
0%
lemurid
0%
Lenapes
0%
Lencans
0%
Lenguas
0%
lenited
0%
lenitic
0%
lensman
0%
lensmen
0%
lentisc
0%
lentors
0%
Leodice
0%
Leonese
0%
Leonian
0%
Leonids
0%
leonite
0%
lepadid
0%
Lepchas
0%
leperos
0%
lepiota
0%
Lepisma
0%
Lepomis
0%
leporid
0%
leppies
0%
leprids
0%
lepries
0%
leprose
0%
leptene
0%
lepteny
0%
leptins
0%
leptite
0%
leptome
0%
leptoms
0%
Leriche
0%
Lernaea
0%
lernean
0%
lerrets
0%
lesches
0%
Lesleya
0%
lessest
0%
lethean
0%
lethied
0%
Lettish
0%
leucism
0%
leucoma
0%
leucyls
0%
leukons
0%
leviers
0%
Levites
0%
levynes
0%
lewises
0%
lewisia
0%
lexemic
0%
Liagora
0%
liangle
0%
Liassic
0%
liatris
0%
libbard
0%
libbets
0%
Liberas
0%
libitum
0%
Librans
0%
libtard
0%
Licania
0%
licente
0%
lichees
0%
lichtit
0%
lichtly
0%
licitly
0%
Licuala
0%
licuris
0%
lidless
0%
liefest
0%
lienees
0%
lienors
0%
liernes
0%
lierres
0%
liftman
0%
liftmen
0%
liggats
0%
liggets
0%
lignans
0%
lignite
0%
ligulae
0%
ligular
0%
ligulas
0%
ligules
0%
lilases
0%
liliums
0%
Limacea
0%
limacel
0%
limacon
0%
Limanda
0%
limbate
0%
limbeck
0%
limelit
0%
limeman
0%
limemen
0%
Limenas
0%
Limenos
0%
limeyer
0%
Limidae
0%
limiest
0%
limites
0%
limmata
0%
limmock
0%
Limnaea
0%
limning
0%
limnite
0%
Limoges
0%
limonin
0%
Limosis
0%
limpens
0%
limpsey
0%
linable
0%
linages
0%
linaloa
0%
linaloe
0%
linalyl
0%
linaria
0%
linchet
0%
lindens
0%
Lindera
0%
lindorm
0%
linecut
0%
Lingala
0%
lingams
0%
lingels
0%
lingles
0%
lingoas
0%
lingoes
0%
lingots
0%
Lingoum
0%
lingtow
0%
linguae
0%
lingues
0%
linguet
0%
lingula
0%
liniest
0%
linnaea
0%
linneon
0%
linnets
0%
linoxyn
0%
linseys
0%
linties
0%
linuron
0%
linuses
0%
lionism
0%
liparid
0%
Liparis
0%
lipemic
0%
lipidic
0%
liplike
0%
lipoate
0%
lipoing
0%
liposes
0%
liposis
0%
lippens
0%
lipwork
0%
liquefy
0%
liquory
0%
lirella
0%
liriope
0%
lirking
0%
lisente
0%
lispund
0%
lissome
0%
Listera
0%
litchis
0%
lithams
0%
lithier
0%
lithify
0%
lithite
0%
lithoid
0%
Litiopa
0%
litster
0%
lituate
0%
lituite
0%
Litvaks
0%
livable
0%
livedos
0%
livetin
0%
livyere
0%
livyers
0%
lixivia
0%
lizaris
0%
llanero
0%
llareta
0%
llautus
0%
loathly
0%
Lobaria
0%
Lobatae
0%
lobated
0%
lobcock
0%
lobelet
0%
lobelia
0%
lobiped
0%
lobolas
0%
lobolos
0%
lobopod
0%
lobtail
0%
lobular
0%
lobworm
0%
locants
0%
locatio
0%
locelli
0%
lochage
0%
lochagi
0%
lochans
0%
lochial
0%
Lockean
0%
Lockian
0%
Locknit
0%
lockpin
0%
lockram
0%
locoing
0%
Locrian
0%
loculed
0%
Locusta
0%
loesome
0%
loessal
0%
Loffler
0%
loftman
0%
loftmen
0%
loganin
0%
logcock
0%
loggats
0%
loggias
0%
loggish
0%
logiest
0%
Logolis
0%
logways
0%
logwood
0%
lohochs
0%
lohocks
0%
loiases
0%
loiasis
0%
lokonos
0%
lokshen
0%
Lolitas
0%
Lollard
0%
Lomatia
0%
lomitas
0%
Londony
0%
longans
0%
longfin
0%
longful
0%
longjaw
0%
longway
0%
longyis
0%
lontars
0%
loogies
0%
lookism
0%
loomery
0%
loopful
0%
loopily
0%
Lopezia
0%
lophiid
0%
lophine
0%
Lophius
0%
Lophura
0%
loquent
0%
lorchas
0%
lordlet
0%
loreals
0%
Lorelei
0%
lorette
0%
lorgnon
0%
loricae
0%
lorilet
0%
lorimer
0%
loriner
0%
loriots
0%
lormery
0%
Loschia
0%
loselry
0%
lotiums
0%
lotment
0%
lotongs
0%
lotoses
0%
Lotukos
0%
lotusin
0%
loudish
0%
louking
0%
lounder
0%
lourdan
0%
louries
0%
louring
0%
loutres
0%
lovably
0%
lovebug
0%
loveful
0%
loveman
0%
lowance
0%
lowbell
0%
lowborn
0%
lowbush
0%
lowdahs
0%
lowlily
0%
lowries
0%
lowsins
0%
Loxomma
0%
loxygen
0%
lozengy
0%
lubrify
0%
lucanid
0%
Lucanus
0%
lucarne
0%
Lucayan
0%
Lucayos
0%
lucency
0%
lucerns
0%
luchoth
0%
Luchuan
0%
lucible
0%
lucidum
0%
lucifee
0%
lucific
0%
lucigen
0%
Lucilia
0%
Lucinas
0%
lucivee
0%
luctual
0%
lucumas
0%
Luddism
0%
ludfisk
0%
lufbery
0%
Luganda
0%
Lugbara
0%
luggars
0%
Luiseno
0%
lukbans
0%
Lukikos
0%
lulabim
0%
lulavim
0%
Lullian
0%
lulovim
0%
luluais
0%
lumbago
0%
lumbang
0%
lumenal
0%
luminol
0%
lumpens
0%
lumpish
0%
lumpkin
0%
lunaria
0%
lunatum
0%
lunette
0%
lungful
0%
lungoor
0%
lungyis
0%
lunulae
0%
lunular
0%
lunules
0%
lunulet
0%
Lunyoro
0%
lupanar
0%
lupeols
0%
Luperci
0%
lupises
0%
lupulon
0%
lupuses
0%
lurdane
0%
luridly
0%
Luschka
0%
Lusheis
0%
Lusians
0%
luskish
0%
lustick
0%
lususes
0%
luteins
0%
luteoma
0%
luteous
0%
lutfisk
0%
luthern
0%
luthier
0%
lutongs
0%
lutrine
0%
Luwians
0%
luxated
0%
luxates
0%
luxuses
0%
Lycaena
0%
lyceums
0%
lychnes
0%
lychnis
0%
Lycians
0%
Lycidae
0%
lycopin
0%
lycopod
0%
Lycopus
0%
lyctids
0%
Lydella
0%
Lydians
0%
lydites
0%
lygaeid
0%
lyingly
0%
Lymnaea
0%
lymphad
0%
lyncean
0%
lyncine
0%
Lyomeri
0%
lyophil
0%
Lyopoma
0%
lyraway
0%
lyrisms
0%
lyrists
0%
Lyrurus
0%
lysates
0%
Lysenko
0%
lysines
0%
lysogen
0%
Lythrum
0%
No matching quizzes found
Score Distribution
Percent of People with Each Score
Percentile by Number Answered
Your Score History
You have not taken this quiz